000 00783nam a22002297a 4500
005 20170124110039.0
010 _aA-427538
020 _c00.00
035 _aA-427538
037 _bCen Lib/Ret
040 _aDPL
_bEN
082 _a881.08
_bRAV
100 _aRavindran, Sankaran
_923238
245 _aW.B.Yeats and Indian tradition /
_cby Sankaran Ravindran
260 _aDelhi
_bKonark Publishers Private Limited
_c1990
270 _aA-149, Main Vikas Marg
_bDelhi
_e110092
300 _aviii,137p.
_c20cm(Hb)
500 _aIncludes bibliographical references and index
650 _aEnglish literature -- Indic influences
_923239
650 _a Yeats, W. B. -- (William Butler), -- 1865-1939 -- Knowledge -- India
_923240
942 _2ddc
_cEN
_h881.08
_mRAV
999 _c128388
_d128388